000 00733nam a22002057a 4500
999 _c7133
_d7133
003 AR-CdUCM
008 190320b ||||| |||| 00| 0 spa d
040 _aMUNICIPALIDAD PROVINCIAL DEL CUSCO
_cBIBLIOTECA MUNICIPAL DEL CUSCO
082 _a946 /
_bR21
100 _aRamos Olivera, Antonio
_920110
245 _aLa unidad nacional y los nacionalismos españoles /
260 _aMexico :
_bGrijalbo,
_c1970.
300 _a158 páginas ;
_c18 cm.
440 _aColección 70
_n64
_920111
505 _aLos orígenes de Cataluña -- La unidad nacional en el renacimiento -- El nacionalismo Catalán -- El nacionalismo Vascongado.
650 _aNación.
_917423
650 _aNacionalismo.
_92901
942 _2ddc
_cLIBROS
945 _awfj